Aid for trade : (Record no. 586329)

000 -LEADER
fixed length control field 00946cam a2200241 a 4500
020 ## - INTERNATIONAL STANDARD BOOK NUMBER
International Standard Book Number 9781402094545 (hbk.)
020 ## - INTERNATIONAL STANDARD BOOK NUMBER
International Standard Book Number 140209454X (hbk.)
082 04 - DEWEY DECIMAL CLASSIFICATION NUMBER
Classification number 338.91091724
245 00 - TITLE STATEMENT
Title Aid for trade :
Remainder of title global and regional perspectives : 2nd world report on regional integration /
Statement of responsibility, etc. edited by Philippe De Lombaerde, Lakshmi Puri.
260 ## - PUBLICATION, DISTRIBUTION, ETC.
Place of publication, distribution, etc. Dordrecht ;
-- London :
Name of publisher, distributor, etc. Springer,
Date of publication, distribution, etc. 2009.
300 ## - PHYSICAL DESCRIPTION
Extent vii, 272 p. :
Dimensions 24 cm.
504 ## - BIBLIOGRAPHY, ETC. NOTE
Bibliography, etc. note Includes bibliographical references.
650 #0 - SUBJECT ADDED ENTRY--TOPICAL TERM
Topical term or geographic name entry element Economic assistance
650 #0 - SUBJECT ADDED ENTRY--TOPICAL TERM
Topical term or geographic name entry element International economic integration.
650 #0 - SUBJECT ADDED ENTRY--TOPICAL TERM
Topical term or geographic name entry element International economic relations.
700 1# - ADDED ENTRY--PERSONAL NAME
Personal name Lombaerde, Philippe de.
700 1# - ADDED ENTRY--PERSONAL NAME
Personal name Puri, Lakshmi.
942 ## - ADDED ENTRY ELEMENTS (KOHA)
Source of classification or shelving scheme
Koha item type Book
440 #0 - SERIES STATEMENT/ADDED ENTRY--TITLE
-- 81980
650 #0 - SUBJECT ADDED ENTRY--TOPICAL TERM
-- 37650
650 #0 - SUBJECT ADDED ENTRY--TOPICAL TERM
-- 12500
650 #0 - SUBJECT ADDED ENTRY--TOPICAL TERM
-- 539
700 1# - ADDED ENTRY--PERSONAL NAME
-- 81981
700 1# - ADDED ENTRY--PERSONAL NAME
-- 81982
Holdings
Withdrawn status Lost status Source of classification or shelving scheme Damaged status Not for loan Permanent Location Current Location Date acquired Total Checkouts Full call number Barcode Date last seen Price effective from Koha item type
          Central Library (CL) Central Library (CL) 08/31/2021   338.91091724 LOM CL-612 08/31/2021 08/31/2021 Book
© 2023 Central Library, National University of Sciences and Technology. All Rights Reserved.